Регионална библиотека "Любен Каравелов" - Русе

Шиенето лесно и приятно. Burda K 622 (Запис номер 25049)

MARC детайли
000 -Лидер
Контролно поле с фиксирана дължина 01781nam a2200397 c 4500
003 - Код на организацията, давaща контролен номер
Контролно поле BLK
005 - Дата и час на последна редакция
Контролно поле 20250712091635.0
008 - Елементи от данни с фиксирана дължина
fixed length control field 180413b bul|||||r ||||||| ||bul||
010 ## - Наследен системен номер
LC control number KNG00027581000
020 ## - Международен стандартен номер на книга ISBN
Международен стандартен номер на книга ISBN 954-90420-1-4
-- издат.: ДСБ
040 ## - Източник на каталожния запис
Идентификатор на билиотеката - собственик на записа BLK
041 ## - Код за език
Код за езика на текст/звукозапис или на отделно заглавие Български
Код за езика КДБФ Български
080 ## - УДК
Текстов определител УДК Шивашка промишленост. Козметика
УДК код - определител по УДК 687
УДК определител .02(035)
УДК - код + определител 687.02(035)
080 ## - УДК
Текстов определител УДК Шиене и плетене в домашни условия
УДК код - определител по УДК 646.2
УДК определител (035)
УДК - код + определител 646.2(035)
139 ## - Редно поле
Редна дума Шиенето лесно и приятно. Burda K 622
Авторски знак Шивач - Ш 62
245 10 - Сведения за заглавието
Заглавие Шиенето лесно и приятно. Burda K 622
Подзаглавни данни Шиенето от А до Я : Проф. съвети с 950 скици за перфектна форма
Редно поле (дума) прев. от нем. Камелия Гаврилова-Димова; прев. от нем. Иванка Мирчева.
257 ## - Страна на издаване
Страна на създаване/издаване Германия
260 ## - Област на издателските данни
-- София
Име на издателя, разпространителя и проч. ДСБ
Година на издаване 1999
Печатница София : Образование и наука
300 ## - Физическа характеристика
Страници 223 с.
Илюстрации и др. с ил., черт.
Размери/Мащаб 25 см
380 ## - Жанр
Жанр Техника
490 1# - СЕРИИ (Колекции)
Име на серия Моето любимо хоби
500 ## - Общи забележки
Забележка Ориг. загл. Nahen leicht gemacht. - Азб. показалец.
650 #4 - Допълнително описание по предмет – тема
Основно описание – тема или топоним Шивачество
9 (RLIN) 177827
650 #4 - Допълнително описание по предмет – тема
Основно описание – тема или топоним Шиене - у дома
9 (RLIN) 177829
653 ## - Ключова дума – ненормативна
Ключова дума шиене
653 ## - Ключова дума – ненормативна
Ключова дума хоби
653 ## - Ключова дума – ненормативна
Ключова дума наръчници
700 1# - Други автори (авторска отговорност)
Лично име Гаврилова-Димова, Камелия
Автороска отговорност (Описва отношението между автора и произведението) прев. от нем.
9 (RLIN) 267991
700 1# - Други автори (авторска отговорност)
Лично име Мирчева, Иванка
Автороска отговорност (Описва отношението между автора и произведението) прев. от нем.
9 (RLIN) 267992
852 ## - Местоположение
Форматна сигнатура Цб 200674
856 4# - Електронен адрес и достъп
Електронен формат pdf - файл
Път до файла /url/
856 4# - Електронен адрес и достъп
Електронен формат pdf - файл
Път до файла /url/
942 ## - АРТИКУЛИ
Вид на библиотечния материал Книги
Скрит в OPAC Не
Koha issues (borrowed), all copies 13
944 ## - СЪЗДАВАНЕ И РЕДАКЦИЯ на ЗАПИСА
Създаване/Редакция Създаване
Дата на регистрацията/редакция 15.01.2003
Статус, дата на статуса Ренета Константинова
Служител, извършил регистрацията/редакцията 30546
944 ## - СЪЗДАВАНЕ И РЕДАКЦИЯ на ЗАПИСА
Създаване/Редакция Редакция
Дата на регистрацията/редакция 25.04.2014
Статус, дата на статуса ф /
Служител, извършил регистрацията/редакцията
999 ## - СИСТЕМНИ КОНТРОЛНИ НОМЕРА
Koha biblionumber 25049
Koha biblioitemnumber 25049
Наличности
Код за отписване Код за изгубен артикул Източник на класификационната схема Код за повреда Коз за рестрикции Код за отдаване Артикулен № Име на библиотеката - собственик Име на библиотеката, в която се намира в момента Статус (Текущо местоположение) Дата на вписване в системата Местоположение - отдел Цена в лева Инвентарен номер Систематично азбучна сигнатура Баркод Номер на екземпляра Цена в евро Служебна бележка Служебен тип на артикула
  Не е изгубен Universal Decimal Classification Не е повреден без рестрикции заемане за дома 41143 Регионална библиотека "Любен Каравелов" Русе Регионална библиотека "Любен Каравелов" Русе Заемна - подръчен фонд 2001-01-01 Заемна - подръчен фонд 0.01 648315 П 687.02/Ш 62 120000648315 1 0.01 Дост: Pk Вид: Ф N: стар фонд Дата: 01.01.1999 Дата инв: 29.03.2017 Бележки инв: Ч2017 Книги
  Не е изгубен   Не е повреден без рестрикции ползва се в читалня 41144 Регионална библиотека "Любен Каравелов" Русе Регионална библиотека "Любен Каравелов" Русе Хранилище 2012-11-28 Основен фонд - ползва се само за читалня 9.95 120000761989 Цб 200674 120000761989 2 5.09 Дост: Pk Вид: Ф N: 324 Дата: 19.11.2012 Книги
Vip Innovations Ltd, Rousse, Bulgaria 2025